Poesía colectiva

Guardat en:
Dades bibliogràfiques
Autor principal: Herrera, Fernando
Format: Llibre
Idioma:Undetermined
Publicat: San José, Costa Rica Chirripó 1986
Matèries:
Etiquetes: Afegir etiqueta
Sense etiquetes, Sigues el primer a etiquetar aquest registre!

MARC

LEADER 00000nam a2200000Ia 4500
008 170316s9999 xx 000 0 und d
040 |a cru BVZT 
090 |a 868 H-2p 
100 |a Herrera, Fernando 
245 |a Poesía colectiva 
260 |a San José, Costa Rica 
260 |b Chirripó 
260 |c 1986 
300 |a 65 páginas 
650 |a LITERATURA COSTARRICENSE 
999 |c 11201  |d 11201 
942 |c 15 D  |h 868 H-2p  |2 z